[Event "14. Lichtenberger Sommer"]
[Site "14. Lichtenberger Sommer"]
[Date "2015.08.17"]
[Round "3.113"]
[White "Sia, Davin"]
[Black "Raasch, Hauke"]
[Result "1-0"]
[WhiteElo "1511"]
[BlackElo "1211"]
[PlyCount "79"]
[EventDate "2015.??.??"]
[WhiteTeam "Lasker Steglitz-Wilmersdorf"]
[BlackTeam "SC Eintracht Berlin e.V."]

1. e4 c5 2. Nf3 e6 3. d4 cxd4 4. Nxd4 a6 5. Nc3 Qc7 6. Be2 Nf6 7. O-O b5 8. a3
Bb7 9. Bf3 d5 10. exd5 Nxd5 11. Nxd5 exd5 12. Re1+ Be7 13. Nf5 Nc6 14. Bxd5 Rd8
15. Qf3 Nd4 16. Bxf7+ Kf8 17. Qh5 Nxf5 18. Qxf5 Bf6 19. Bh5 Qc6 20. Bf3 Qc7 21.
Bxb7 Qxb7 22. Bg5 Rd5 23. Qe6 Qd7 24. Bxf6 Qxe6 25. Bxg7+ Kxg7 26. Rxe6 a5 27.
Rae1 Rf8 28. Re7+ Rf7 29. Rxf7+ Kxf7 30. Kf1 Rd2 31. Rc1 Rd7 32. c4 Rc7 33. c5
Ke7 34. b4 axb4 35. axb4 Ke6 36. Rd1 Ke5 37. Ke2 Re7 38. Rd3 Kf4+ 39. Re3 Ra7
40. g3+ 1-0

[Event "14. Lichtenberger Sommer"]
[Site "14. Lichtenberger Sommer"]
[Date "2015.08.17"]
[Round "3.114"]
[White "Vural, Argun"]
[Black "Eichstädt, Torsten"]
[Result "0-1"]
[WhiteElo "1567"]
[BlackElo "1302"]
[PlyCount "64"]
[EventDate "2015.??.??"]
[WhiteTeam "SF Friedrichshagen"]
[BlackTeam "SC Friesen Lichtenberg"]

1. d4 d5 2. c4 c6 3. Nf3 Nf6 4. Nc3 dxc4 5. e4 b5 6. Bg5 Bg4 7. Be2 b4 8. Bxf6
gxf6 9. Na4 Qa5 10. Bxc4 b3+ 11. Nc3 Bxf3 12. Qxf3 bxa2 13. Bxa2 Qg5 14. Rd1
Bg7 15. O-O O-O 16. Ne2 e6 17. Bb1 a5 18. Rd3 Na6 19. Rfd1 Nb4 20. Ra3 Kh8 21.
Ng3 Rg8 22. Nh5 a4 23. Qh3 Ra5 24. e5 f5 25. Rg3 Qh6 26. Qh4 Nd5 27. Rxg7 Rxg7
28. Qd8+ Rg8 29. Qxa5 Qxh5 30. Qxa4 Nf4 31. g3 Qh3 32. Be4 fxe4 0-1

[Event "14. Lichtenberger Sommer"]
[Site "14. Lichtenberger Sommer"]
[Date "2015.08.17"]
[Round "3.115"]
[White "Hamm, Oliver"]
[Black "Bauer, Stefan"]
[Result "0-1"]
[WhiteElo "1413"]
[BlackElo "1633"]
[PlyCount "72"]
[EventDate "2015.??.??"]
[WhiteTeam "SC Eintracht Berlin e.V."]
[BlackTeam "SC Kreuzberg"]

1. d4 Nf6 2. Nf3 e6 3. e3 Be7 4. b3 O-O 5. Bb2 d5 6. Bd3 h6 7. Nbd2 b6 8. O-O
Bb7 9. Qe2 a5 10. Ne5 Ne4 11. Bxe4 dxe4 12. Qg4 f5 13. Qe2 a4 14. Ng6 Rf6 15.
Ne5 axb3 16. axb3 Rxa1 17. Rxa1 Nc6 18. Ndc4 f4 19. exf4 Rxf4 20. Nxc6 Bxc6 21.
Ne5 Be8 22. g3 Rf5 23. Qxe4 Qd5 24. Qxd5 exd5 25. Ra8 Rf8 26. Bc1 Bb4 27. Rc8
c5 28. dxc5 Bxc5 29. Be3 d4 30. Bf4 Bb4 31. Rb8 Bc5 32. Kh1 g5 33. Bd2 Bd6 34.
Ng4 Bxb8 35. Nxh6+ Kh7 36. Ng4 Bd7 0-1

[Event "14. Lichtenberger Sommer"]
[Site "14. Lichtenberger Sommer"]
[Date "2015.08.17"]
[Round "3.116"]
[White "Tschirschwitz, Stephan"]
[Black "Dittrich, Hans-Juergen"]
[Result "1-0"]
[WhiteElo "1551"]
[BlackElo "1401"]
[PlyCount "35"]
[EventDate "2015.??.??"]
[WhiteTeam "Lasker Steglitz-Wilmersdorf"]
[BlackTeam "vereinslos"]

1. d4 d5 2. c4 dxc4 3. e3 c6 4. Bxc4 Nf6 5. Nf3 e6 6. Nc3 Bb4 7. O-O O-O 8. a3
Ba5 9. b4 Bc7 10. Ne5 Nbd7 11. f4 Nb6 12. Bd3 Nbd5 13. Bd2 b6 14. Nxc6 Nxc3 15.
Bxc3 Qd7 16. Ne5 Qe7 17. Qf3 Rb8 18. Nc6 1-0

[Event "14. Lichtenberger Sommer"]
[Site "14. Lichtenberger Sommer"]
[Date "2015.08.17"]
[Round "3.117"]
[White "Radloff, Rainer"]
[Black "Kriuckova, Sonia"]
[Result "1-0"]
[WhiteElo "1667"]
[BlackElo "1256"]
[PlyCount "135"]
[EventDate "2015.??.??"]
[WhiteTeam "SC Weisse Dame e.V."]
[BlackTeam "SV Empor Berlin"]

1. Nf3 c5 2. e3 Nc6 3. d4 e6 4. a3 Nf6 5. Bd3 d6 6. O-O Be7 7. Re1 O-O 8. c3 a6
9. a4 b6 10. Nbd2 Bb7 11. Ne4 Qc7 12. Nxf6+ Bxf6 13. h3 Rfe8 14. Bd2 Rad8 15.
Qc2 g6 16. e4 Bg7 17. Rac1 cxd4 18. cxd4 Qd7 19. e5 Rc8 20. Qb3 Qd8 21. Bf4 Bf8
22. Be4 Na5 23. Qa2 Bxe4 24. Rxe4 Rxc1+ 25. Bxc1 Qd7 26. Bd2 d5 27. Re1 Rc8 28.
b3 Qe7 29. Qb1 Qa3 30. Rc1 Rxc1+ 31. Bxc1 Qxb3 32. Qxb3 Nxb3 33. Bg5 b5 34.
axb5 axb5 35. Kf1 Nc1 36. Bxc1 b4 37. Nd2 Bh6 38. Ke1 Kf8 39. Kd1 Ke7 40. Nb3
Bf8 41. Bd2 Kd7 42. Nc5+ Bxc5 43. dxc5 Kc6 44. Bxb4 Kb5 45. Ba3 h5 46. Ke2 g5
47. g4 h4 48. f3 Kc6 49. Ke3 d4+ 50. Kxd4 f5 51. exf6 e5+ 52. Kxe5 Kd7 53. Kf5
Kd8 54. Kxg5 Ke8 55. Kxh4 Kf7 56. Kg5 Kf8 57. c6+ Kf7 58. c7 Ke8 59. c8=Q+ Kf7
60. Qf8+ Ke6 61. Qe7+ Kd5 62. f7 Kd4 63. f8=R Kd3 64. Rd8+ Kc3 65. Qc7+ Kb3 66.
Rb8+ Ka2 67. Bf8 Ka1 68. Qa5# 1-0

[Event "14. Lichtenberger Sommer"]
[Site "14. Lichtenberger Sommer"]
[Date "2015.08.17"]
[Round "3.118"]
[White "Koerber, Bernhard"]
[Black "Lieger, Lucas"]
[Result "1-0"]
[WhiteElo "1603"]
[BlackElo "851"]
[PlyCount "117"]
[EventDate "2015.??.??"]
[WhiteTeam "Lasker Steglitz-Wilmersdorf"]
[BlackTeam "SC Eintracht Berlin e.V."]

1. e4 d5 2. exd5 Qxd5 3. Nc3 Qa5 4. d4 c6 5. Nf3 Bf5 6. Bd2 Qc7 7. Bc4 e6 8.
Qc1 Bd6 9. Be3 Nf6 10. h3 Nbd7 11. Nh4 Be4 12. f3 Bg3+ 13. Ke2 Bxh4 14. Bf4 Qd8
15. fxe4 Nh5 16. Rf1 Bg3 17. Be3 O-O 18. Rf3 Qc7 19. e5 Nb6 20. Bb3 Nd5 21. Ne4
Bh2 22. Bxd5 cxd5 23. Nd6 Ng3+ 24. Ke1 Qa5+ 25. c3 Qd8 26. Bg5 Qd7 27. Qf4 a5
28. Rxg3 Bxg3+ 29. Qxg3 Qc7 30. Bh6 g6 31. Bxf8 Rxf8 32. h4 Qb6 33. Rb1 f5 34.
h5 f4 35. Qg4 Qa6 36. Qxe6+ Kg7 37. hxg6 hxg6 38. Qe7+ Kg8 39. Ne8 Rf7 40. Nf6+
Kg7 41. Qd8 Qd3 42. Qg8+ Kh6 43. Rd1 Qe3+ 44. Kf1 f3 45. gxf3 Qxf3+ 46. Ke1
Qh1+ 47. Kd2 Qg2+ 48. Kc1 Qg5+ 49. Kc2 Qf5+ 50. Kb3 Rc7 51. Rh1+ Kg5 52. Rh5+
Kf4 53. Rxf5+ gxf5 54. Nxd5+ Ke4 55. Nxc7 f4 56. Qg4 Ke3 57. Nd5+ Ke4 58. Qxf4+
Kd3 59. Qe3# 1-0

[Event "14. Lichtenberger Sommer"]
[Site "14. Lichtenberger Sommer"]
[Date "2015.08.17"]
[Round "3.119"]
[White "Hömke, Holger"]
[Black "Janse, Circe"]
[Result "1-0"]
[WhiteElo "1568"]
[BlackElo "850"]
[PlyCount "63"]
[EventDate "2015.??.??"]
[WhiteTeam "SK Zehlendorf"]
[BlackTeam "SSV Klim-Op"]

1. c4 c5 2. Nc3 Nc6 3. g3 g6 4. Bg2 Bg7 5. Nf3 Nf6 6. O-O O-O 7. e3 d6 8. d4
Bg4 9. h3 Bf5 10. Re1 Qc8 11. Kh2 Ne4 12. Nh4 Nxc3 13. bxc3 Bd7 14. Nf3 Qc7 15.
e4 Rad8 16. Be3 b6 17. Qd2 f5 18. exf5 Bxf5 19. Nh4 Bd7 20. Bh6 Rf7 21. Bg5 Re8
22. Nf3 Bf6 23. Bxf6 Rxf6 24. Qh6 Ref8 25. Ng5 R8f7 26. Nxf7 Rxf7 27. Qe3 e6
28. Kg1 Qc8 29. h4 Re7 30. Rad1 e5 31. Qg5 Bf5 32. Bxc6 1-0

[Event "14. Lichtenberger Sommer"]
[Site "14. Lichtenberger Sommer"]
[Date "2015.08.17"]
[Round "3.120"]
[White "Fischer, Maxi"]
[Black "Grothe, Michael"]
[Result "1-0"]
[WhiteElo "1665"]
[BlackElo "1220"]
[PlyCount "143"]
[EventDate "2015.??.??"]
[WhiteTeam "SV Empor Berlin e.V."]
[BlackTeam "vereinslos"]

1. e4 e5 2. Nf3 Nc6 3. Bc4 Bc5 4. d3 h6 5. Nbd2 Nf6 6. O-O O-O 7. Re1 Re8 8. h3
d6 9. Nf1 a6 10. c3 Na5 11. Bb3 Nxb3 12. axb3 b5 13. Ng3 c6 14. Qe2 Be6 15. b4
Bb6 16. Rf1 Qc7 17. Nh4 d5 18. exd5 Bxd5 19. Nhf5 Kh7 20. Qd2 Ng8 21. Nh5 Re6
22. Nhg3 Rf6 23. d4 Be6 24. Ne3 exd4 25. cxd4 Bd5 26. Ra3 Rg6 27. Nxd5 cxd5 28.
Re3 Qd7 29. Rfe1 Bc7 30. Qd3 Bf4 31. Rf3 Bxg3 32. Rxg3 f5 33. Rge3 Rf8 34. Re5
Rgf6 35. R1e3 g6 36. Qe2 R8f7 37. Bd2 Kg7 38. Rc3 Rc6 39. Bf4 Rxc3 40. bxc3 g5
41. Bd2 Re7 42. f3 f4 43. Kh2 Rxe5 44. Qxe5+ Nf6 45. h4 Kg6 46. hxg5 hxg5 47.
g3 Qf5 48. gxf4 gxf4 49. Qxf4 Qxf4+ 50. Bxf4 Kf5 51. Bd2 Nd7 52. Kg3 Nb6 53.
Kh4 Nc4 54. Bc1 Nb6 55. Kh5 Nc4 56. Kh6 Kf6 57. Bg5+ Kf7 58. f4 Nd6 59. Bh4
Nf5+ 60. Kg5 Nxh4 61. Kxh4 Kf6 62. Kg4 Kg6 63. f5+ Kf6 64. Kf4 Kf7 65. Ke5 Ke7
66. Kxd5 Kf6 67. Ke4 Ke7 68. Ke5 Kf7 69. d5 Ke7 70. f6+ Kd7 71. d6 Ke8 72. Ke6
1-0

[Event "14. Lichtenberger Sommer"]
[Site "14. Lichtenberger Sommer"]
[Date "2015.08.17"]
[Round "3.121"]
[White "Allaart, Jesse"]
[Black "Semenishchev, Sergej"]
[Result "1-0"]
[WhiteElo "1546"]
[BlackElo "771"]
[PlyCount "58"]
[EventDate "2015.??.??"]
[WhiteTeam "HMC Den Bosch"]
[BlackTeam "SC Friesen Lichtenberg"]

1. e4 e5 2. Nf3 Nc6 3. d4 d6 4. Bc4 Nf6 5. Nc3 Bg4 6. d5 Nd4 7. Be2 Nxe2 8.
Nxe2 Nxe4 9. c3 Nf6 10. h3 Bxf3 11. gxf3 g6 12. Ng3 Bg7 13. Be3 Qe7 14. Qd2 O-O
15. O-O-O Rfe8 16. Bh6 Rad8 17. Bxg7 Kxg7 18. Rhg1 Kh8 19. Qh6 Ng8 20. Qe3 Nf6
21. h4 c6 22. dxc6 bxc6 23. h5 Qe6 24. Qg5 Nd5 25. Ne4 Nf4 26. Kb1 Nh3 27. Qh6
Nxg1 28. Rxg1 Qf5 29. hxg6 Rg8 1-0

[Event "14. Lichtenberger Sommer"]
[Site "14. Lichtenberger Sommer"]
[Date "2015.08.18"]
[Round "4.21"]
[White "Kornrumpf, Joachim"]
[Black "De Sallier, Francois"]
[Result "1/2-1/2"]
[WhiteElo "2046"]
[BlackElo "2131"]
[PlyCount "65"]
[EventDate "2015.??.??"]
[WhiteTeam "Preetzer TSV"]
[BlackTeam "Club du Canal St-Martin Paris"]

1. b3 c5 2. c4 Nc6 3. Bb2 e5 4. e3 g6 5. Nf3 Bg7 6. d3 Nge7 7. a3 O-O 8. Qc2 b6
9. Be2 a5 10. O-O d5 11. cxd5 Nxd5 12. Nbd2 Qe7 13. Rfe1 Rb8 14. Rac1 Be6 15.
Bf1 Rfc8 16. Qb1 Ra8 17. Nc4 Qc7 18. Qa1 f6 19. Ncd2 Qb8 20. d4 cxd4 21. exd4
Bf7 22. dxe5 fxe5 23. Nxe5 Nxe5 24. Rxc8+ Qxc8 25. Bxe5 Bxe5 26. Qxe5 Qc2 27.
Qd4 Qc3 28. Qxc3 Nxc3 29. Bc4 Bxc4 30. Nxc4 b5 31. Ne3 Rd8 32. Kf1 Rd2 33. Rc1
1/2-1/2

[Event "14. Lichtenberger Sommer"]
[Site "14. Lichtenberger Sommer"]
[Date "2015.08.18"]
[Round "4.22"]
[White "Dimitrijeski, Kristian"]
[Black "Becker, Jared"]
[Result "1-0"]
[WhiteElo "2158"]
[BlackElo "1968"]
[PlyCount "93"]
[EventDate "2015.??.??"]
[WhiteTeam "SK König Tegel"]
[BlackTeam "SC Tarrasch München"]

1. d4 Nf6 2. c4 c5 3. d5 b5 4. cxb5 a6 5. e3 e6 6. dxe6 fxe6 7. bxa6 d5 8. f4
Bd6 9. Nf3 O-O 10. b3 Nxa6 11. Be2 Qc7 12. Bb2 Nb4 13. a3 Nc6 14. Nc3 Qe7 15.
O-O Bb7 16. Nb5 Bb8 17. Rc1 Ng4 18. Qd3 Nxe3 19. Qxe3 Bxf4 20. Qc3 e5 21. Rcd1
e4 22. Rxd5 exf3 23. Bxf3 Nd4 24. Nxd4 Be3+ 25. Kh1 cxd4 26. Qc4 Bxd5 27. Bxd5+
Kh8 28. Bxa8 Rxa8 29. Bxd4 Bxd4 30. Qxd4 Qxa3 31. b4 h6 32. h3 Qg3 33. Qc4 Rb8
34. b5 Qe5 35. Rb1 Qf5 36. Rb3 Rc8 37. Qg4 Qxg4 38. hxg4 Rb8 39. b6 Kg8 40. b7
Kf7 41. Kh2 Ke6 42. Kg3 Kf6 43. Kf4 g5+ 44. Ke4 Ke6 45. Rb6+ Kd7 46. Rxh6 Kc7
47. Rh7+ 1-0

[Event "14. Lichtenberger Sommer"]
[Site "14. Lichtenberger Sommer"]
[Date "2015.08.18"]
[Round "4.23"]
[White "Mahn, Franko"]
[Black "Schönberger, Kay"]
[Result "1/2-1/2"]
[WhiteElo "2169"]
[BlackElo "1918"]
[PlyCount "39"]
[EventDate "2015.??.??"]
[WhiteTeam "SC Weisse Dame (Berlin)"]
[BlackTeam "SV Koblenz"]

1. Nf3 Nf6 2. c4 g6 3. Nc3 Bg7 4. e4 d6 5. d4 O-O 6. Be2 e5 7. O-O Nc6 8. d5
Ne7 9. b4 a5 10. bxa5 Nd7 11. Ba3 Rxa5 12. Bb4 Ra8 13. a4 f5 14. Nd2 b6 15. a5
bxa5 16. Rxa5 Rb8 17. Rb5 Ra8 18. Ra5 Rb8 19. Rb5 Ra8 20. Ra5 1/2-1/2

[Event "14. Lichtenberger Sommer"]
[Site "14. Lichtenberger Sommer"]
[Date "2015.08.18"]
[Round "4.24"]
[White "Amelang, Thomas"]
[Black "Jaeger, Andre"]
[Result "1/2-1/2"]
[WhiteElo "2158"]
[BlackElo "1942"]
[PlyCount "119"]
[EventDate "2015.??.??"]
[WhiteTeam "SK Siemens München"]
[BlackTeam "SC Rochade (Berlin)"]

1. e4 c5 2. Nc3 e6 3. g3 d5 4. d3 d4 5. Nce2 Nc6 6. f4 f5 7. Bg2 Nf6 8. e5 Nd5
9. Nf3 Be7 10. O-O O-O 11. c3 dxc3 12. bxc3 Qd7 13. Qc2 b6 14. Rd1 Rd8 15. a3
Bb7 16. Kh1 Rac8 17. Neg1 Qe8 18. Nh3 h6 19. Nf2 Qh5 20. Kg1 Rd7 21. h3 Qf7 22.
Qd2 Na5 23. c4 Nc7 24. Qb2 Rcd8 25. Be3 Rf8 26. Rab1 Qe8 27. Qc2 Qa8 28. Qe2
Nc6 29. Rb3 Nd4 30. Bxd4 cxd4 31. Ra1 Na6 32. a4 Nc5 33. Rb5 Bc6 34. Ne1 Bxg2
35. Nxg2 Nb7 36. Ne1 Na5 37. Qf3 Qxf3 38. Nxf3 Nc6 39. h4 g6 40. Rab1 Bc5 41.
Nh3 a5 42. R5b3 Nb4 43. Kf2 Na2 44. Nhg1 Nb4 45. Ne2 Kf7 46. Rh1 Nc2 47. h5
gxh5 48. Rxh5 Kg6 49. Rh1 Ne3 50. Ne1 Ng4+ 51. Kf3 Rh8 52. Nc2 h5 53. Ng1 Rhh7
54. Nh3 Rhe7 55. Ng5 Nxe5+ 56. Kg2 Ng4 57. Nf3 Rd8 58. Re1 Kf6 59. Rh1 Rh7 60.
Re1 1/2-1/2

[Event "14. Lichtenberger Sommer"]
[Site "14. Lichtenberger Sommer"]
[Date "2015.08.18"]
[Round "4.25"]
[White "Niehaus, Frank"]
[Black "Lawrenz, Sebastian"]
[Result "1/2-1/2"]
[WhiteElo "2203"]
[BlackElo "1910"]
[PlyCount "34"]
[EventDate "2015.??.??"]
[WhiteTeam "SK König Tegel"]
[BlackTeam "SC Zitadelle Spandau"]

1. e4 d5 2. exd5 Qxd5 3. Nc3 Qa5 4. d4 Bf5 5. Qf3 c6 6. d5 Bxc2 7. Bd2 Qd8 8.
Rc1 Bg6 9. dxc6 Nxc6 10. Bb5 Rc8 11. Nge2 Nf6 12. Be3 a6 13. Ba4 e5 14. O-O Be7
15. Rfd1 Qa5 16. a3 e4 17. Qg3 O-O 1/2-1/2

[Event "14. Lichtenberger Sommer"]
[Site "14. Lichtenberger Sommer"]
[Date "2015.08.18"]
[Round "4.26"]
[White "Janse, Alexander"]
[Black "Gallien, Fabian"]
[Result "0-1"]
[WhiteElo "1881"]
[BlackElo "2145"]
[PlyCount "108"]
[EventDate "2015.??.??"]
[WhiteTeam "SSV Klim-Op"]
[BlackTeam "SC Schwarz-Weiß Lichtenrade e.V."]

1. e4 e5 2. Nf3 Nc6 3. Bb5 a6 4. Ba4 Nf6 5. d3 b5 6. Bb3 Be7 7. O-O d6 8. c3
O-O 9. Re1 Na5 10. Bc2 c5 11. Nbd2 Nc6 12. Nf1 Re8 13. Ng3 Bf8 14. h3 h6 15. d4
Nd7 16. d5 Ne7 17. Kh2 g6 18. Nf1 Bg7 19. g4 Nb6 20. Ne3 Kh8 21. Rg1 Rg8 22.
Nd2 Rf8 23. Ndf1 Ng8 24. Ng3 Bf6 25. Qf3 Bg5 26. Ne2 Qf6 27. Qxf6+ Nxf6 28. Ng2
Bxc1 29. Rgxc1 Nc4 30. b3 Nd2 31. Ng3 Nf3+ 32. Kh1 h5 33. gxh5 Bxh3 34. Bd1 Ng5
35. hxg6 fxg6 36. f3 Kg7 37. Kg1 Bd7 38. Rc2 Nh3+ 39. Kf1 Nh7 40. Ke2 N7g5 41.
Ke3 Nf4 42. Rb1 a5 43. Nf1 Ngh3 44. Nxf4 Nxf4 45. Rh2 Rh8 46. Rbb2 Rh5 47. Ng3
Rxh2 48. Rxh2 b4 49. cxb4 axb4 50. Rc2 Rh8 51. Ne2 Rh1 52. Nxf4 exf4+ 53. Kd2
Rh2+ 54. Kd3 Bb5+ 0-1

[Event "14. Lichtenberger Sommer"]
[Site "14. Lichtenberger Sommer"]
[Date "2015.08.18"]
[Round "4.27"]
[White "Roth, Josef"]
[Black "Scheide, Helmut"]
[Result "0-1"]
[WhiteElo "2101"]
[BlackElo "1959"]
[PlyCount "92"]
[EventDate "2015.??.??"]
[WhiteTeam "SK König Tegel"]
[BlackTeam "USV Potsdam"]

1. e4 e5 2. Nf3 Nc6 3. Bb5 a6 4. Ba4 Nf6 5. O-O Be7 6. Re1 b5 7. Bb3 O-O 8. d4
d6 9. c3 Bg4 10. d5 Na5 11. Bc2 Qd7 12. h3 Bh5 13. Nbd2 c5 14. dxc6 Nxc6 15.
Nf1 Bg6 16. Bg5 Rad8 17. Bxf6 Bxf6 18. Ne3 Ne7 19. Ng4 Bh5 20. Nxf6+ gxf6 21.
Qd3 Kh8 22. Nh4 Rg8 23. Nf5 Ng6 24. Qg3 Nf4 25. Qh4 Rxg2+ 26. Kh1 Rg5 27. Rg1
Ng6 28. Rxg5 Nxh4 29. Rxh5 Ng6 30. Bb3 Qa7 31. Rf1 b4 32. Nh6 Rd7 33. Rf5 bxc3
34. bxc3 Qc7 35. Rg1 Qxc3 36. Kh2 Qd3 37. Bd5 Rc7 38. Rg3 Qd2 39. Nxf7+ Kg7 40.
Nxd6 Rc1 41. Ne8+ Kf8 42. Nxf6 Qd1 43. Nxh7+ Ke7 44. Rf7+ Kd8 45. Rg2 Qh1+ 46.
Kg3 Nf4 0-1

[Event "14. Lichtenberger Sommer"]
[Site "14. Lichtenberger Sommer"]
[Date "2015.08.18"]
[Round "4.28"]
[White "Brümmel, Arend"]
[Black "Adelberger, Georg"]
[Result "1/2-1/2"]
[WhiteElo "2154"]
[BlackElo "1926"]
[PlyCount "117"]
[EventDate "2015.??.??"]
[WhiteTeam "Stader SV"]
[BlackTeam "SC Kreuzberg"]

1. d4 d5 2. c4 e6 3. Nc3 Nf6 4. Bg5 Be7 5. e3 O-O 6. Nf3 Nbd7 7. Rc1 a6 8. a3
dxc4 9. Bxc4 b5 10. Be2 Bb7 11. b4 a5 12. Bxb5 axb4 13. axb4 c6 14. Be2 Bxb4
15. Bxf6 Nxf6 16. O-O Qa5 17. Ne5 c5 18. Nc4 Qc7 19. Na4 Qc6 20. Bf3 Qxa4 21.
Bxb7 Qxd1 22. Rfxd1 Ra7 23. Bf3 cxd4 24. Rxd4 Rd7 25. Rcd1 Rxd4 26. Rxd4 Bc5
27. Rd2 Rb8 28. g4 g5 29. Ne5 Kg7 30. Kg2 Bb4 31. Ra2 Rb5 32. Nc6 Rb6 33. Ra7
Nxg4 34. Ra4 Rxc6 35. Bxc6 Ne5 36. Be8 Be7 37. Ra7 Kf8 38. Ra8 Kg7 39. Bb5 h6
40. Be2 Ng6 41. Ra7 Kf8 42. Bh5 Nh4+ 43. Kh3 Nf5 44. Bg4 Nd6 45. Bf3 f5 46. Bd1
Kf7 47. Bb3 g4+ 48. Kg2 Ne4 49. Rc7 h5 50. Rc6 Ng5 51. Ra6 h4 52. Bc4 h3+ 53.
Kg3 Ne4+ 54. Kf4 Bd6+ 55. Rxd6 Nxd6 56. Be2 Ne4 57. Bxg4 Nxf2 58. Bh5+ Kf6 59.
Kg3 1/2-1/2

[Event "14. Lichtenberger Sommer"]
[Site "14. Lichtenberger Sommer"]
[Date "2015.08.18"]
[Round "4.29"]
[White "Keusch, Horst"]
[Black "Relea, Nicolas"]
[Result "0-1"]
[WhiteElo "1984"]
[BlackElo "2085"]
[PlyCount "76"]
[EventDate "2015.??.??"]
[WhiteTeam "SC Eintracht Berlin"]
[BlackTeam "Club d'Echecs de Condom"]

1. f4 h6 2. Nf3 Nf6 3. Nc3 d5 4. e3 g5 5. d4 Rg8 6. fxg5 hxg5 7. Ne5 Be6 8. Bd2
Nbd7 9. Nd3 c6 10. Be2 Qc7 11. Nf2 Rh8 12. g3 O-O-O 13. Bf1 Bf5 14. Bd3 Bxd3
15. cxd3 e5 16. Qa4 Kb8 17. O-O-O Nb6 18. Qc2 exd4 19. exd4 g4 20. Kb1 Bh6 21.
Rc1 Qd6 22. Ne2 Bxd2 23. Qxd2 Rh7 24. Nf4 Rdh8 25. Nd1 Nh5 26. Nxh5 Rxh5 27.
Ne3 Qh6 28. Qf2 Rxh2 29. Rxh2 Qxh2 30. Qf4+ Ka8 31. Nxg4 Qe2 32. Qf5 Na4 33.
Qf2 Qxg4 34. b3 Nb6 35. Qf6 Rc8 36. Qxf7 Qxg3 37. Qf5 Rg8 38. a4 a5 0-1

[Event "14. Lichtenberger Sommer"]
[Site "14. Lichtenberger Sommer"]
[Date "2015.08.18"]
[Round "4.30"]
[White "Steiner, Wolfram"]
[Black "Stark, Ingo"]
[Result "0-1"]
[WhiteElo "1968"]
[BlackElo "2121"]
[PlyCount "94"]
[EventDate "2015.??.??"]
[WhiteTeam "SC Weisse Dame e.V."]
[BlackTeam "TSG Oberschöneweide"]

1. d4 b5 2. e4 Bb7 3. Nd2 Nf6 4. e5 Nd5 5. Ngf3 a6 6. a4 b4 7. Nc4 a5 8. Bd3 e6
9. O-O Be7 10. Re1 d6 11. exd6 cxd6 12. Ne3 Nd7 13. Nf1 O-O 14. h4 N7f6 15. Ng3
Ba6 16. h5 h6 17. Nh2 Bxd3 18. cxd3 Qb6 19. Be3 Rfc8 20. Ne4 Qb7 21. g4 Nxe3
22. Nxf6+ Bxf6 23. fxe3 Rc7 24. Rc1 Rxc1 25. Qxc1 Rc8 26. Qd2 Qc6 27. Re2 Qxa4
28. Kg2 b3 29. Kg3 Rc2 30. Qd1 Qc6 31. Nf3 Rxe2 32. Qxe2 Qc2 33. Kf2 a4 34. Ke1
Qc1+ 35. Kf2 a3 36. bxa3 b2 37. Nd2 b1=Q 38. Nxb1 Qxb1 39. Qd2 Qh1 40. Qb4 Bh4+
41. Ke2 Qg2+ 42. Kd1 Qf1+ 43. Kc2 Qe2+ 44. Qd2 Qxg4 45. a4 Qxh5 46. a5 Qb5 47.
Qc3 Bd8 0-1

[Event "14. Lichtenberger Sommer"]
[Site "14. Lichtenberger Sommer"]
[Date "2015.08.18"]
[Round "4.31"]
[White "Simon, Ralf-Axel"]
[Black "Heldt, Ronny"]
[Result "1/2-1/2"]
[WhiteElo "2113"]
[BlackElo "1922"]
[PlyCount "67"]
[EventDate "2015.??.??"]
[WhiteTeam "TSG Neuruppin"]
[BlackTeam "SC Kreuzberg"]

1. Nf3 Nf6 2. c4 g6 3. Nc3 Bg7 4. e4 d6 5. d4 O-O 6. Be2 e5 7. O-O Nc6 8. d5
Ne7 9. Ne1 Ne8 10. Be3 f5 11. f3 f4 12. Bf2 g5 13. Rc1 h5 14. c5 Rf6 15. Nb5 a6
16. cxd6 cxd6 17. Nc7 Nxc7 18. Bb6 Rg6 19. Rxc7 g4 20. Kh1 Qf8 21. Nd3 Qf6 22.
Qa4 g3 23. Qe8+ Bf8 24. Ne1 Rg7 25. Bg1 Qg5 26. Rd7 Bxd7 27. Qxd7 Ng6 28. Qe6+
Kh8 29. h3 Nh4 30. Bb6 Re7 31. Qxd6 Rg7 32. Qe6 Re7 33. Qd6 Rg7 34. Qe6 1/2-1/2

[Event "14. Lichtenberger Sommer"]
[Site "14. Lichtenberger Sommer"]
[Date "2015.08.18"]
[Round "4.32"]
[White "Kievelitz, Bernd"]
[Black "Hannebauer, Torsten"]
[Result "0-1"]
[WhiteElo "1922"]
[BlackElo "2166"]
[PlyCount "62"]
[EventDate "2015.??.??"]
[WhiteTeam "SC Zitadelle Spandau"]
[BlackTeam "DB Woltersdorf"]

1. Nf3 Nf6 2. c4 g6 3. b3 Bg7 4. Bb2 d6 5. g3 e5 6. Bg2 O-O 7. O-O c6 8. d3 Na6
9. a3 Bg4 10. h3 Bd7 11. Qc2 Nh5 12. e4 Qc8 13. Kh2 f5 14. Nbd2 c5 15. Ng1 Nc7
16. Ne2 Ne6 17. exf5 gxf5 18. f4 Bc6 19. Bd5 Kh8 20. fxe5 dxe5 21. Nf3 Nd4 22.
Nfxd4 cxd4 23. Bxc6 Qxc6 24. Rae1 Rad8 25. Bc1 Qg6 26. Rg1 Qc6 27. Qd2 f4 28.
gxf4 exf4 29. Rg5 Qh6 30. Reg1 f3 31. Nf4 Nxf4 0-1

[Event "14. Lichtenberger Sommer"]
[Site "14. Lichtenberger Sommer"]
[Date "2015.08.18"]
[Round "4.33"]
[White "Albert, Jörg"]
[Black "Sidabras, Jonas"]
[Result "1/2-1/2"]
[WhiteElo "2201"]
[BlackElo "1819"]
[PlyCount "108"]
[EventDate "2015.??.??"]
[WhiteTeam "SV Eiche Reichenbrand"]
[BlackTeam "SC Kreuzberg"]

1. d4 d5 2. Nf3 Nf6 3. e3 Bf5 4. c4 c6 5. cxd5 cxd5 6. Nc3 e6 7. Ne5 Nfd7 8.
Qb3 Qc7 9. Bd3 Bxd3 10. Nxd3 a6 11. e4 dxe4 12. Nxe4 Qc6 13. f3 Be7 14. Bf4 O-O
15. Rc1 Qb5 16. Qxb5 axb5 17. Rc7 Rxa2 18. O-O Ra4 19. Be3 b6 20. Ne5 Nxe5 21.
dxe5 Bd8 22. Rb7 Nc6 23. Bxb6 Bxb6+ 24. Rxb6 Nd4 25. Rd1 Rb4 26. Rd2 Ra8 27.
Rd6 f5 28. Ng5 h6 29. Nxe6 Nxe6 30. Rxe6 Ra2 31. Kf2 Raxb2 32. Rxb2 Rxb2+ 33.
Kg3 f4+ 34. Kxf4 Rxg2 35. Rb6 Rxh2 36. Rxb5 Kf7 37. Rb7+ Ke6 38. Rb6+ Kf7 39.
Rb7+ Ke6 40. Rb6+ Kf7 41. Kf5 g6+ 42. Ke4 Rg2 43. f4 Re2+ 44. Kd5 Rd2+ 45. Kc5
h5 46. Rf6+ Kg7 47. Rd6 Rf2 48. Rd7+ Kf8 49. Kd6 Rxf4 50. Rd8+ Kg7 51. e6 Rd4+
52. Ke7 Re4 53. Kd6 Rd4+ 54. Ke7 Re4 1/2-1/2

[Event "14. Lichtenberger Sommer"]
[Site "14. Lichtenberger Sommer"]
[Date "2015.08.18"]
[Round "4.34"]
[White "Andersen, Jorgen Mosbech"]
[Black "Kather, Yannick"]
[Result "0-1"]
[WhiteElo "2007"]
[BlackElo "2041"]
[PlyCount "90"]
[EventDate "2015.??.??"]
[WhiteTeam "Strömmen sjakklubb"]
[BlackTeam "SC Weisse Dame (Berlin)"]

1. d4 Nf6 2. Nf3 g6 3. g3 Bg7 4. Bg2 O-O 5. O-O d5 6. Nbd2 c6 7. c3 Re8 8. Re1
Na6 9. e4 dxe4 10. Nxe4 Nxe4 11. Rxe4 c5 12. Qb3 cxd4 13. cxd4 Nc7 14. Bf4 Bf5
15. Ree1 Nd5 16. Ng5 e6 17. Qxb7 Re7 18. Qb3 h6 19. Bxd5 exd5 20. Rxe7 Qxe7 21.
Nf3 Be4 22. Re1 Rc8 23. Nd2 Bxd4 24. Qxd5 Bxd5 25. Rxe7 Rc1+ 26. Nf1 Rc2 27.
Be3 Bf6 28. Rd7 Bxa2 29. Rxa7 Rxb2 30. Rc7 Bd5 31. Rc1 Kg7 32. Nd2 g5 33. Nc4
Ra2 34. Nd6 Kg6 35. Bc5 Bb2 36. Re1 Bc3 37. Rc1 Bd2 38. Rb1 Rc2 39. Bd4 Bf3 40.
Ne8 Ba5 41. Be3 Rc6 42. Rc1 Re6 43. Nc7 Re5 44. Na6 Rb5 45. Rc5 Rb6 0-1

[Event "14. Lichtenberger Sommer"]
[Site "14. Lichtenberger Sommer"]
[Date "2015.08.18"]
[Round "4.35"]
[White "Miersch, Marco"]
[Black "Jacob, Karl"]
[Result "1-0"]
[WhiteElo "2137"]
[BlackElo "1784"]
[PlyCount "83"]
[EventDate "2015.??.??"]
[WhiteTeam "SV Berolina Mitte"]
[BlackTeam "SF Hettstedt"]

1. e4 Nf6 2. e5 Nd5 3. d4 d6 4. c4 Nb6 5. f4 Bf5 6. Nf3 Nc6 7. d5 Nb4 8. Nd4 e6
9. Nxf5 exf5 10. a3 Na6 11. Nd2 dxe5 12. fxe5 Qh4+ 13. g3 Qd4 14. Qe2 Nc5 15.
Nf3 Qe4 16. Qxe4 fxe4 17. Nd4 O-O-O 18. Bg5 Re8 19. Bh3+ Kb8 20. O-O Rxe5 21.
Bf4 Re8 22. Nb5 Na6 23. d6 cxd6 24. Nxd6 Bxd6 25. Bxd6+ Ka8 26. c5 Nc4 27. Rxf7
Rd8 28. Be7 Rd2 29. Bg2 Ne5 30. Rxg7 Nf3+ 31. Bxf3 exf3 32. Rf1 Rxb2 33. Rxf3
Nb8 34. Bd6 a6 35. Bc7 h5 36. Rgf7 Rc8 37. Bb6 h4 38. Rf8 Rc6 39. g4 Ra2 40.
Rh8 a5 41. Rff8 h3 42. Rxb8# 1-0